The unified modeling language reference manual (E-Book) (Record no. 192154)
[ view plain ]
| 000 -LEADER | |
|---|---|
| fixed length control field | 01151 a2200325 4500 |
| 003 - CONTROL NUMBER IDENTIFIER | |
| control field | Nust |
| 005 - DATE AND TIME OF LATEST TRANSACTION | |
| control field | 20170207154031.0 |
| 020 ## - INTERNATIONAL STANDARD BOOK NUMBER | |
| International Standard Book Number | 0-201-30998-X ; |
| 040 ## - CATALOGING SOURCE | |
| Transcribing agency | Nust |
| 082 1# - DEWEY DECIMAL CLASSIFICATION NUMBER | |
| Classification number | 005.1 |
| 082 1# - DEWEY DECIMAL CLASSIFICATION NUMBER | |
| Classification number | 005.1 |
| 082 1# - DEWEY DECIMAL CLASSIFICATION NUMBER | |
| Classification number | 005.1 |
| 082 1# - DEWEY DECIMAL CLASSIFICATION NUMBER | |
| Classification number | 005.1 |
| 100 1# - MAIN ENTRY--PERSONAL NAME | |
| Personal name | Rumbaugh, James |
| 245 04 - TITLE STATEMENT | |
| Title | The unified modeling language reference manual (E-Book) |
| Statement of responsibility, etc. | James Rumbaugh, Ivar Jacobson, Grady Booch |
| 260 ## - PUBLICATION, DISTRIBUTION, ETC. | |
| Place of publication, distribution, etc. | Reading, Mass. : |
| Name of publisher, distributor, etc. | Addison-Wesley, |
| Date of publication, distribution, etc. | cop. 1999 |
| 300 ## - PHYSICAL DESCRIPTION | |
| Extent | 550 s. : |
| Other physical details | ill. ; |
| Dimensions | 25cm |
| 440 #0 - SERIES STATEMENT/ADDED ENTRY--TITLE | |
| Title | Addison-Wesley object technology series, |
| 500 ## - GENERAL NOTE | |
| General note | Part 1: Background (Page-1) Part 2: UML Concepts(Page-21) Part 3: Reference(page-111) Part 4: Appendices(Page-513) |
| 505 ## - FORMATTED CONTENTS NOTE | |
| Formatted contents note | Part I: Background (Page-3), Part II: UML Concepts (Page-23), Part III: Reference (Page-113), Part IV: Appendices (Page-515), |
| 650 #7 - SUBJECT ADDED ENTRY--TOPICAL TERM | |
| Topical term or geographic name entry element | Computer software |
| 650 #7 - SUBJECT ADDED ENTRY--TOPICAL TERM | |
| Topical term or geographic name entry element | Computer software |
| General subdivision | Development |
| 650 #7 - SUBJECT ADDED ENTRY--TOPICAL TERM | |
| Topical term or geographic name entry element | Programmeringsteknik |
| 650 #7 - SUBJECT ADDED ENTRY--TOPICAL TERM | |
| Topical term or geographic name entry element | Programmeringsteknik |
| 650 #7 - SUBJECT ADDED ENTRY--TOPICAL TERM | |
| Topical term or geographic name entry element | Programmeringsteknik |
| 650 #7 - SUBJECT ADDED ENTRY--TOPICAL TERM | |
| Topical term or geographic name entry element | UML (Computer science) |
| 651 ## - SUBJECT ADDED ENTRY--GEOGRAPHIC NAME | |
| Geographic name | (E-Book) |
| 700 1# - ADDED ENTRY--PERSONAL NAME | |
| Personal name | Booch, Grady |
| Relator code | aut |
| 700 1# - ADDED ENTRY--PERSONAL NAME | |
| Personal name | Jacobson, Ivar, |
| Dates associated with a name | 1939- |
| Relator code | aut |
| 942 ## - ADDED ENTRY ELEMENTS (KOHA) | |
| Source of classification or shelving scheme | |
| Koha item type | Book |
| Withdrawn status | Lost status | Source of classification or shelving scheme | Damaged status | Not for loan | Collection code | Permanent Location | Current Location | Date acquired | Total Checkouts | Full call number | Barcode | Date last seen | Price effective from | Koha item type |
|---|---|---|---|---|---|---|---|---|---|---|---|---|---|---|
| Military College of Signals (MCS) | Military College of Signals (MCS) | 12/12/2016 | 005.1 | MCSEB-1386 | 12/08/2016 | 12/12/2016 | Book |
